<?xml version="1.0" encoding="UTF-8"?><?xml-stylesheet type="text/xsl" href="static/style.xsl"?><OAI-PMH xmlns="http://www.openarchives.org/OAI/2.0/" xmlns:xsi="http://www.w3.org/2001/XMLSchema-instance" xsi:schemaLocation="http://www.openarchives.org/OAI/2.0/ http://www.openarchives.org/OAI/2.0/OAI-PMH.xsd"><responseDate>2026-04-27T19:49:14Z</responseDate><request verb="GetRecord" identifier="oai:uvadoc.uva.es:10324/36019" metadataPrefix="marc">https://uvadoc.uva.es/oai/request</request><GetRecord><record><header><identifier>oai:uvadoc.uva.es:10324/36019</identifier><datestamp>2021-06-29T23:40:10Z</datestamp><setSpec>com_10324_38</setSpec><setSpec>col_10324_852</setSpec></header><metadata><record xmlns="http://www.loc.gov/MARC21/slim" xmlns:doc="http://www.lyncode.com/xoai" xmlns:xsi="http://www.w3.org/2001/XMLSchema-instance" xmlns:dcterms="http://purl.org/dc/terms/" xsi:schemaLocation="http://www.loc.gov/MARC21/slim http://www.loc.gov/standards/marcxml/schema/MARC21slim.xsd">
<leader>00925njm 22002777a 4500</leader>
<datafield tag="042" ind1=" " ind2=" ">
<subfield code="a">dc</subfield>
</datafield>
<datafield tag="720" ind1=" " ind2=" ">
<subfield code="a">Deza López, Alba</subfield>
<subfield code="e">author</subfield>
</datafield>
<datafield tag="260" ind1=" " ind2=" ">
<subfield code="c">2018</subfield>
</datafield>
<datafield tag="520" ind1=" " ind2=" ">
<subfield code="a">El 3,4-Dimetoxifeniletilamina (DMPEA) es un compuesto análogo de la dopamina, principal neurotransmisor humano, donde los grupos hidroxi de las posiciones 3 y 4 han sido reemplazados por grupos metoxi. Algunos autores consideran que está implicado en procesos clínicos relacionados con enfermedades mentales.&#xd;
En este trabajo se desarrollan dos métodos analíticos para su determinación basados en técnicas de cromatografía líquida de alta resolución (HPLC) con detector UV/Vis y cromatografía de gases (CG) con detector de ionización de llama (FID), en presencia de otros compuestos: urea, ácido úrico, cafeína, paracetamol, ácido acetilsalicílico, ibuprofeno y diazepam. Además de 4-bromo-2,5-dimetoxifeniletilamina (2C-B), droga de diseño con efectos psicoestimulantes, dada su similitud estructural. Del estudio se concluye la posibilidad de determinación de dicho compuesto, se llevó a cabo por HPLC en un tiempo de análisis no superior a 3 minutos y con un límite de detección de 0,9 ppm. En el caso de CG, el tiempo de análisis fue inferior a 7 minutos y el límite de detección de 1,3 ppm.</subfield>
</datafield>
<datafield tag="024" ind2=" " ind1="8">
<subfield code="a">http://uvadoc.uva.es/handle/10324/36019</subfield>
</datafield>
<datafield tag="245" ind1="0" ind2="0">
<subfield code="a">Estudio y determinación de 3,4-Dimetoxifeniletilamina</subfield>
</datafield>
</record></metadata></record></GetRecord></OAI-PMH>